LEADER 01116nam a2200253 u 4500 001 000000116133 003 CaOOAMICUS 005 20090612090100.0 008 090611s1956 it u000 u ita u 040 $aPUL$bita$dMCT 100 1 $aDe Giovanni, Giuseppe,$cS.I.$0(OLS)http://pul/name/36156 245 12$aL'arcivescovo di Napoli eletto Papa nel 1555 /$cp. Giuseppe De Giovanni S.J. 260 $aNapoli :$bLa Floridiana,$c1956. 300 $a12 p. ;$c25 cm 500 $aEstratto dal Volume "Asprenas" 1956 dell'Accademia "S. Pietro in Vinculis". 600 04$aPaulus PP.$bIV,$d1476-1559.$0(OLS)http://pul/subject/35468 850 $aPUL 852 $aPUL$W1$xDP1 Fondo Maccarrone$y58$m1518 B 26$j66503$qFondi$B132084$CPULBib$Z2$F132084 $H004802 $82 941 1 $a1 960 $aPaolo$bIV,$cpapa,$d1476-1559$935468 960 $aCarafa, Gian Pietro,$d1476-1559$935468 960 $aPapi (1555-1559 : Paulus PP. IV)$935468 996 $6245$aL'arcivescovo di Napoli eletto Papa nel 1555$9(OLS)http://pul/title/67487 996 $6260$aNapoli :$bLa Floridiana$9(OLS)http://pul/publisher/80406 LEADER 01292nam a2200301 a 4500 001 000000136490 003 CaOOAMICUS 005 20131128133139.0 008 131128s1992 it u000 u ita r 040 $aPUL$bita 041 1 $aita$hger 100 1 $aKafka, Franz,$d1883-1924.$0(OLS)http://pul/name/75427 245 13$aIl processo /$cFrank Kafka ; traduzione di Ervinio Pocar. 260 $aMilano :$bArnoldo Mondadori,$c1992. 300 $a2 v. ;$c20 cm 500 $aSuppl. al. n. 42-43 de Il Sabato. 505 0 $aV. 1. Il processo / Frank Kafka ; traduzione di Ervinio Pocar ; introduzione di Luca Doninelli. 700 1 $aPocar, Ervino,$d1892-1981.$0(OLS)http://pul/name/13830 700 1 $aDoninelli, Luca.$0(OLS)http://pul/name/87918 850 $aPUL 852 $aPUL$W1$xDP1 Fondo E. Rossi$y115$m2 D 60.1$j157213$av. 1$qFondi$B156684$CPULBib$Z2$F156684 $82 852 $aPUL$W1$xDP1 Fondo E. Rossi$y115$m2 D 60.2$j157214$av. 2$qFondi$B156685$CPULBib$Z2$F156685 $82 941 1 $a1 961 $aSul dorso collocazione ms. di E. Rossi: IV 50 1 961 $aSul dorso collocazione ms. di E. Rossi: IV 50 1' 996 $6245$aIl processo$9(OLS)http://pul/title/172717 996 $6260$aMilano :$bArnoldo Mondadori$9(OLS)http://pul/publisher/60431